Marketing

Bibliographic Details
Main Author: Kotler, Philip
Format: Section = Libro
Language:Undetermined
Spanish
Published: México Pearson Educación 2012
Edition:14a.ed.
Subjects:
LEADER 00594nam a2200217Ia 4500
008 240829s9999 xx 000 0 und d
020 |a 978-607-32-1420-9 
040 |a BIBLIOTECA-RUPAP 658.8 K87m 
041 |a spa 
082 |a 658.8 K87m 
100 1 |a Kotler, Philip 
245 1 0 |a Marketing 
250 |a 14a.ed. 
260 |a México  |b Pearson Educación  |c 2012 
300 |a 613 p. :il. 
650 7 |a ADMINISTRACION DE MERCADEO 
650 7 |b  DISEÑO DE ESTRATEGIA 
650 7 |c  PUBLICIDAD-CONSUMIDOR. I. Armstrong, Gary, coaut. II. Tít. 
942 |c BK  |2 ddc 
991 |a TEXTO 
999 |c 10017